Mechanical and electrical equipment for buildings; vol 1 & 2. (7th ed.) (Record no. 82810)
[ view plain ]
| 000 -LEADER | |
|---|---|
| fixed length control field | 02051nam a2200277 a 4500 |
| 008 - FIXED-LENGTH DATA ELEMENTS--GENERAL INFORMATION | |
| fixed length control field | 120416s1986 ||||||||||||||||| || u |
| 020 ## - INTERNATIONAL STANDARD BOOK NUMBER | |
| International Standard Book Number | 0471627968 |
| 050 ## - LIBRARY OF CONGRESS CALL NUMBER | |
| Classification number | TH 6010 Ste |
| 100 ## - MAIN ENTRY--PERSONAL NAME | |
| Personal name | Stein, Benjamin |
| 245 10 - TITLE STATEMENT | |
| Title | Mechanical and electrical equipment for buildings; vol 1 & 2. (7th ed.) |
| 250 ## - EDITION STATEMENT | |
| Edition statement | 7th ed. |
| 260 ## - PUBLICATION, DISTRIBUTION, ETC. | |
| Place of publication, distribution, etc. | New York |
| Name of publisher, distributor, etc. | John Wiley and Sons |
| Date of publication, distribution, etc. | 1986 |
| 300 ## - PHYSICAL DESCRIPTION | |
| Extent | 2vols. : ill. |
| 350 ## - | |
| -- | 0.00 |
| 700 ## - ADDED ENTRY--PERSONAL NAME | |
| Personal name | McGuinness, William J |
| 995 ## - | |
| -- | MAIN LIBRARY OPEN ACCESS |
| -- | 0.00 |
| -- | 016291 |
| -- | CBU-MAIN LIBRARY (Kitwe) |
| -- | 6 |
| -- | 15.95 |
| -- | TH 6010 Ste |
| -- | 2 |
| -- | AVAILABLE |
| -- | 016291 |
| -- | Main Library Open Access Collection |
| 995 ## - | |
| -- | ANNEX COLLECTION (Main Library) |
| -- | 0.00 |
| -- | 723011 |
| -- | CBU-MAIN LIBRARY (Kitwe) |
| -- | 5 |
| -- | 15.95 |
| -- | TH 6010 Ste |
| -- | 4 |
| -- | AVAILABLE |
| -- | 016293 |
| -- | Annex Low-Usage Collection |
| 995 ## - | |
| -- | ANNEX COLLECTION (Main Library) |
| -- | 0.00 |
| -- | 723013 |
| -- | CBU-MAIN LIBRARY (Kitwe) |
| -- | 1 |
| -- | 15.95 |
| -- | TH 6010 Ste |
| -- | 3 |
| -- | AVAILABLE |
| -- | 016292 |
| -- | Annex Low-Usage Collection |
| 995 ## - | |
| -- | TEXTBOOKS (SBE) |
| -- | 0.00 |
| -- | 2117 |
| -- | CBU-SCHOOL TEXTBOOK COLLECTIONS |
| -- | 1 |
| -- | 0.00 |
| -- | SCHOOL TEXTBOOK |
| -- | 7 |
| -- | AVAILABLE |
| -- | Nov 17, 2008 |
| -- | 2117 |
| -- | School Collections |
| 995 ## - | |
| -- | TEXTBOOKS (SBE) |
| -- | 0.00 |
| -- | 2106 |
| -- | CBU-SCHOOL TEXTBOOK COLLECTIONS |
| -- | 1 |
| -- | 0.00 |
| -- | SCHOOL TEXTBOOK |
| -- | 9 |
| -- | AVAILABLE |
| -- | Nov 17, 2008 |
| -- | 2106 |
| -- | School Collections |
| 995 ## - | |
| -- | ANNEX COLLECTION (Main Library) |
| -- | 0.00 |
| -- | 016290 |
| -- | CBU-MAIN LIBRARY (Kitwe) |
| -- | 3 |
| -- | 15.95 |
| -- | TH 6010 Ste |
| -- | 1 |
| -- | AVAILABLE |
| -- | 016290 |
| -- | Annex Low-Usage Collection |
| 995 ## - | |
| -- | ANNEX COLLECTION (Main Library) |
| -- | 0.00 |
| -- | 723010 |
| -- | CBU-MAIN LIBRARY (Kitwe) |
| -- | 4 |
| -- | 15.95 |
| -- | TH 6010 Ste |
| -- | 6 |
| -- | AVAILABLE |
| -- | 016295 |
| -- | Annex Low-Usage Collection |
| 995 ## - | |
| -- | TEXTBOOKS (SBE) |
| -- | 0.00 |
| -- | 2100 |
| -- | CBU-SCHOOL TEXTBOOK COLLECTIONS |
| -- | 1 |
| -- | 0.00 |
| -- | SCHOOL TEXTBOOK |
| -- | 8 |
| -- | AVAILABLE |
| -- | Nov 17, 2008 |
| -- | 2100 |
| -- | School Collections |
| 995 ## - | |
| -- | TEXTBOOKS (SBE) |
| -- | 0.00 |
| -- | 2104 |
| -- | CBU-SCHOOL TEXTBOOK COLLECTIONS |
| -- | 1 |
| -- | 0.00 |
| -- | SCHOOL TEXTBOOK |
| -- | 10 |
| -- | AVAILABLE |
| -- | Nov 17, 2008 |
| -- | 2104 |
| -- | School Collections |
| 995 ## - | |
| -- | ANNEX COLLECTION (Main Library) |
| -- | 0.00 |
| -- | 720959 |
| -- | CBU-MAIN LIBRARY (Kitwe) |
| -- | 2 |
| -- | 64.85 |
| -- | TH 6010 Lew |
| -- | AVAILABLE |
| -- | 016294 |
| -- | Annex Low-Usage Collection |
| 999 ## - | |
| -- | 82810 |
| -- | 82810 |
| Withdrawn status | Lost status | Source of classification or shelving scheme | Damaged status | Not for loan | Permanent Location | Current Location | Shelving location | Date acquired | Total Checkouts | Full call number | Barcode | Date last seen | Copy number | Price effective from | Koha item type |
|---|---|---|---|---|---|---|---|---|---|---|---|---|---|---|---|
| CBU-MAIN LIBRARY, KITWE. | CBU-MAIN LIBRARY, KITWE. | 09/29/2023 | TH 6010 Ste | 016291 | 09/29/2023 | 1 | 09/29/2023 | MONOGRAPH | |||||||
| Withdrawn | CBU-MAIN LIBRARY, KITWE. | CBU-MAIN LIBRARY, KITWE. | 09/29/2023 | TH 6010 Ste | 016293 | 09/29/2023 | 2 | 09/29/2023 | MONOGRAPH | ||||||
| CBU-MAIN LIBRARY, KITWE. | CBU-MAIN LIBRARY, KITWE. | 09/29/2023 | TH 6010 Ste | 016292 | 09/29/2023 | 3 | 09/29/2023 | MONOGRAPH | |||||||
| CBU-MAIN LIBRARY, KITWE. | CBU-MAIN LIBRARY, KITWE. | 09/29/2023 | TH 6010 Ste | 016290 | 09/29/2023 | 6 | 09/29/2023 | MONOGRAPH | |||||||
| Withdrawn | CBU-MAIN LIBRARY, KITWE. | CBU-MAIN LIBRARY, KITWE. | 09/29/2023 | TH 6010 Ste | 016295 | 09/29/2023 | 7 | 09/29/2023 | MONOGRAPH | ||||||
| Withdrawn | CBU-MAIN LIBRARY, KITWE. | CBU-MAIN LIBRARY, KITWE. | 09/29/2023 | TH 6010 Ste | 016294 | 09/29/2023 | 10 | 09/29/2023 | MONOGRAPH | ||||||
| CBU-SCHOOL TEXT BOOK COLLECTION | CBU-SCHOOL TEXT BOOK COLLECTION | 09/29/2023 | SCHOOL TEXTBOOK | 2117 | 09/29/2023 | 4 | 09/29/2023 | MONOGRAPH | |||||||
| CBU-SCHOOL TEXT BOOK COLLECTION | CBU-SCHOOL TEXT BOOK COLLECTION | 09/29/2023 | SCHOOL TEXTBOOK | 2106 | 09/29/2023 | 5 | 09/29/2023 | MONOGRAPH | |||||||
| CBU-SCHOOL TEXT BOOK COLLECTION | CBU-SCHOOL TEXT BOOK COLLECTION | 09/29/2023 | SCHOOL TEXTBOOK | 2100 | 09/29/2023 | 8 | 09/29/2023 | MONOGRAPH | |||||||
| CBU-SCHOOL TEXT BOOK COLLECTION | CBU-SCHOOL TEXT BOOK COLLECTION | 09/29/2023 | SCHOOL TEXTBOOK | 2104 | 09/29/2023 | 9 | 09/29/2023 | MONOGRAPH |